000 00906nas a2200277 4500
001 BR2012009233
003 BR-BrBNA
005 20231205121606.0
007 ta
008 230509b bl.|||p| |||| 00| 00por d
040 _aBR-BrBNA
_bpor
_cBiblioteca Nacional de Agricultura
041 _a(En)
072 _aK50
100 1 _aMoura, L.F. de
100 1 _aBrito, J.O.
100 1 _aSilva Júnior, F.G. da
245 1 _aEffect of thermal treatment on the chemical characteristics of wood from Eucalyptus grandis W. Hill ex Maiden under diferent atmospheric conditions
650 _aEUCALYPTUS GRANDIS
650 _aMADEIRA
650 _aPROPRIEDADE FÍSICO-QUÍMICA
650 _aATMOSFERA
650 _aTRATAMENTO TÉRMICO
773 0 _tCerne (Brazil)
_xISSN 0104-7760
_g(Jul-Sep 2012), v. 18(3) p. 449-455
_wBR2012009233
909 _a202311
_bLúcia
_c55
_dLúcia Elande
942 _2AGRIS
_n0
_cANA
999 _c224276
_d224276